000 00285nam a22001337a 4500
008 210303b ||||| |||| 00| 0 eng d
020 _a0697395979
041 _aeng
080 _22nd
_a541
100 _a12
101 _aKIM
245 _aChemistry
_cSilberberg,S.M
942 _2udc
_cBK
999 _c55658
_d55658